1537 1179 1728 1415 1683 1450 1884 1574 1503 1684 1489 1362 1007 1399 1122 1111 1441 1556 1281 1936 1517 1170 1003 1363 1143 1257 1331 1014 1690 1664 1294 1471 1065 1906 1999 1311 1226 1917 1226 1736 1327 1003 1612 1997 1433 1114 1436 1463 1613 1849 1209 1127 1641 1666 1325 1238 1393 1310 1260 1306 1968 1420 1006 1905 1250 1231 1913 1896 1403 1421 1963 1380 1902 1361 1997 1855 1088 1367 1156 1714 1025 1867 1304 1491 1323 1435 1572 1641 1505 1636 1669 1466 1764 1852 1105 1327 1510 1067 1957 BCNSPRNW ULIB Ver.6.0+V

เปลี่ยนเป็นภาษาไทย

Change to English
 แสดงรายละเอียดบรรณานุกรม
  กลับหน้าหลัก

Brief Record : Get Marc (ISO 2709) : E-mail record : QR code < ปิดหน้าต่าง
LEADER : 00000nam 2200000uu 4500
001    13399123170
003     ULIB
008    130709s2551||||th 000 0 tha d
020    ^a9789740466680
090    ^aนว.^bS788
100 0  ^aStanley
245 00 ^aยุ่งนักเจอรักนายเจ้าพ่อ/^cStanley&Waraporn
250    ^aพิมพ์ครั้งที่ 1
260    ^aกรุงเทพฯ :^bนกฮูก,^c2551
300    ^a173หน้า
700 0  Waraporn
710 1  ^aนกฮูก
945    ^p149^l0^i20318
995    ^aทศพร
999    ^aทศพร เกษรทอง
รายการนี้ยังไม่มีแท็ก
คุณยังไม่ได้ล็อกอิน คุณสามารถมีกิจกรรมร่วมกับเว็บไซต์ได้ แต่ต้องล็อกอินก่อน ::
  ล็อกอิน

รายการสื่อสารสนเทศ

ลำดับที่ ประเภท เลขเรียก/บาร์โค้ด สถานที่ สถานะ
1. นวนิยาย
นวนิยาย
นว. S788 ฉ.1 
  Barcode: 20318
ห้องสมุดวิทยาเขตนครสวรรค์
►นวนิยาย:l:Fiction
บนชั้น

รายการใกล้เคียง
    ผู้แต่ง [Stanley]

BibComment


ยังไม่เคยถูกคอมเมนท์

คอมเมนท์ทรัพยากรรายการนี้
  คอมเมนท์: ยุ่งนักเจอรักนาย..


 Copyright 2026. Bcnsprnw @Library